000 01386nam a2200265 a 4500
001 000016310
005 20240226135234.0
008 100303s1979 dr ad r 001 0 spa d
040 _aDO-SdBNP
_bspa
_cBNPHU
082 _a636.3
_bL834e
100 1 _aLois Malkún, José E.
_936405
245 1 0 _aEvolución, estructura y organización del subsector ganadero en la República Dominicana /
_cJosé E. Lois Malkún ; introducción Domingo Marte.
260 _aSanto Domingo :
_bAlfa y Omega,
_c1979.
300 _a174 p. :
_bil., tablas ;
_c24 cm.
500 _aIncluye datos biográficos del autor en las solapas.
504 _aIncluye bibliografía y notas al pie de páginas.
504 _aBibliografía : p. 171-174.
505 0 _gIntroducción --
_tLa situación de la ganadería --
_tProducción y mercadeo --
_tDemanda y oferta de productos pecuarios --
_tEvaluación de los programas y operaciones ganaderas en el país --
_tAnálisis de los elementos que afectan el desarrollo de la ganadería del país --
_gBibliografía.
590 _aInventariado, 2018/BT
650 4 _aProducción agropecuaria
_zRepública Dominicana
_919604
650 4 _aGanadería
_xAspectos económicos
_zRepública Dominicana
_922072
650 4 _aIndustrias agropecuarias
_zRepública Dominicana
_919602
700 1 _aMarte, Domingo,
_d1939-
_eintrod.
_910487
910 _aValidado. Control de calidad. EMS
999 _c15845
_d15845